[Event "Lille Luce op 4th"]
[Site "Lille"]
[Date "2013.04.16"]
[Round "5"]
[White "Laurent, Julien G"]
[Black "De Leur, Ben"]
[Result "1-0"]
[WhiteElo "2342"]
[BlackElo "1985"]
[PlyCount "53"]
[EventDate "2013.04.13"]
[EventType "swiss"]
[EventRounds "9"]
[EventCountry "FRA"]
[SourceTitle "CBM 154 Extra"]
[Source "ChessBase"]
[SourceDate "2013.06.25"]
[SourceVersion "2"]
[SourceVersionDate "2013.06.25"]
[SourceQuality "1"]

1. Nf3 g6 2. d4 Bg7 3. e4 c6 4. Nc3 d5 5. h3 dxe4 6. Nxe4 Nd7 7. Bc4 e6 8. Nd6+ Kf8 9. Ng5 Nb6 10. Ndxf7 Qe7 11. Bb3 Nf6 12. Nxh8 Bxh8 13. Qe2 Nbd5 14. c4 Nc7 15. Bf4 Nh5 16. Qf3 Nxf4 17. Qxf4+ Kg8 18. 0-0 Bf6 19. Nf3 Na6 20. Rfe1 Bd7 21. Re2 Rf8 22. Rae1 Bg5 23. Qg3 Bh6 24. Re4 Nb4 25. Ne5 Be8 26. a3 Na6 27. Ng4 1-0

[Event "Lille Luce op 3rd"]
[Site "Lille"]
[Date "2012.04.25"]
[Round "3"]
[White "Debray, Christopher"]
[Black "De Leur, Ben"]
[Result "1-0"]
[WhiteElo "2396"]
[BlackElo "2019"]
[PlyCount "73"]
[EventDate "2012.04.23"]
[EventType "swiss"]
[EventRounds "8"]
[EventCountry "FRA"]
[SourceTitle "CBM 148 Extra"]
[Source "ChessBase"]
[SourceDate "2012.06.22"]
[SourceVersion "1"]
[SourceVersionDate "2012.06.22"]
[SourceQuality "1"]

1. e4 c5 2. Nf3 g6 3. d4 cxd4 4. Qxd4 Nf6 5. Nc3 Nc6 6. Qa4 Bg7 7. e5 Ng8 8. Bf4 Nh6 9. h3 0-0 10. 0-0-0 f6 11. exf6 Rxf6 12. Nd5 e6 13. Bc7 Qf8 14. Nxf6+ Qxf6 15. c3 d5 16. Qf4 Nf5 17. g4 e5 18. Bxe5 Nxe5 19. Qxe5 Qxe5 20. Nxe5 Bxe5 21. gxf5 Bxf5 22. Bd3 Bf4+ 23. Kc2 Be6 24. Be2 Rd8 25. Bg4 Bf7 26. Rhe1 Rd6 27. Re7 Rf6 28. Rxb7 Bg5 29. Re1 Rxf2+ 30. Re2 Rf6 31. Bd7 d4 32. cxd4 Rd6 33. Ba4 Rxd4 34. Bb3 Rf4 35. Re8+ Kg7 36. Rc8 Rf2+ 37. Kd1 1-0

[Event "Leiden SB-ch"]
[Site "Leiden"]
[Date "2008.07.01"]
[Round "7"]
[White "Van Vliet, Jeffrey"]
[Black "De Leur, Ben"]
[Result "1-0"]
[WhiteElo "2285"]
[BlackElo "2000"]
[PlyCount "81"]
[EventDate "2008.05.20"]
[EventType "swiss"]
[EventRounds "7"]
[EventCountry "NED"]
[SourceTitle "EXT 2012"]
[Source "ChessBase"]
[SourceDate "2011.11.24"]
[SourceVersion "1"]
[SourceVersionDate "2011.11.24"]
[SourceQuality "1"]

1. d4 Nf6 2. c4 g6 3. Nc3 Bg7 4. e4 d6 5. f3 0-0 6. Be3 e5 7. d5 Nh5 8. Qd2 f5 9. Bd3 Nd7 10. Nge2 a6 11. Rc1 Nc5 12. Bb1 fxe4 13. Nxe4 Nxe4 14. Bxe4 Nf4 15. 0-0 Bh6 16. Nc3 b6 17. Kh1 Bg7 18. b4 a5 19. a3 axb4 20. axb4 Ba6 21. g3 Bxc4 22. gxf4 Bxf1 23. Rxf1 exf4 24. Bd4 Bxd4 25. Qxd4 Qd7 26. Rg1 Qg7 27. Qxg7+ Kxg7 28. Nb5 Rf7 29. Rc1 Ra4 30. Nxc7 Rxb4 31. Ne8+ Kh6 32. Nxd6 Rd7 33. Ne8 Rd8 34. Nc7 Rb2 35. Rd1 Rd6 36. Ne6 g5 37. Nd4 Kh5 38. Nf5 Rd8 39. d6 Rb5 40. d7 Rc5 41. Ng7+ 1-0

[Event "Leiden SB-ch"]
[Site "Leiden"]
[Date "2007.06.19"]
[Round "6"]
[White "Oudshoorn, Arres"]
[Black "De Leur, Ben"]
[Result "0-1"]
[WhiteElo "1767"]
[BlackElo "2052"]
[PlyCount "98"]
[EventDate "2007.05.15"]
[EventType "swiss"]
[EventRounds "7"]
[EventCountry "NED"]
[SourceTitle "EXT 2012"]
[Source "ChessBase"]
[SourceDate "2011.11.24"]
[SourceVersion "1"]
[SourceVersionDate "2011.11.24"]
[SourceQuality "1"]

1. e4 c5 2. Nf3 Nc6 3. d4 cxd4 4. Nxd4 g6 5. c4 Bg7 6. Be3 Nf6 7. Nc3 Ng4 8. Qxg4 Nxd4 9. 0-0-0 Nc6 10. Nb5 0-0 11. Qg3 d6 12. Bg5 a6 13. Nc3 Qa5 14. Kb1 Bxc3 15. Qxc3 Qxc3 16. bxc3 Be6 17. Be3 Rfc8 18. c5 dxc5 19. Bxc5 b6 20. Bd4 Nxd4 21. cxd4 Bc4 22. Rd2 Rc7 23. Bxc4 Rxc4 24. Rc1 Rac8 25. Rxc4 Rxc4 26. Kb2 Kf8 27. f3 Ke8 28. d5 Kd7 29. Rc2 Rxc2+ 30. Kxc2 Kd6 31. Kc3 Kc5 32. a3 b5 33. Kb3 a5 34. Kc3 h6 35. h3 f6 36. Kd3 g5 37. Kc3 h5 38. g3 h4 39. gxh4 gxh4 40. Kd3 b4 41. axb4+ Kxb4 42. e5 fxe5 43. Ke4 a4 44. Kxe5 Kc5 45. Ke6 a3 46. Kxe7 Kxd5 47. Kf6 a2 48. Kg5 a1Q 49. Kxh4 Qg1 0-1

[Event "Leiden SB-ch"]
[Site "Leiden"]
[Date "2006.06.06"]
[Round "4"]
[White "De Leur, Ben"]
[Black "Compagnie, Luc G"]
[Result "0-1"]
[WhiteElo "2024"]
[BlackElo "2096"]
[PlyCount "58"]
[EventDate "2006.05.16"]
[EventType "swiss"]
[EventRounds "7"]
[EventCountry "NED"]
[SourceTitle "EXT 2012"]
[Source "ChessBase"]
[SourceDate "2011.11.24"]
[SourceVersion "1"]
[SourceVersionDate "2011.11.24"]
[SourceQuality "1"]

1. c4 e5 2. Nc3 Nc6 3. g3 f5 4. Bg2 Nf6 5. d3 Bb4 6. e3 Bxc3+ 7. bxc3 0-0 8. Ne2 d6 9. 0-0 Qe8 10. Rb1 Kh8 11. Bd2 e4 12. Nd4 Ne5 13. Nb5 Qf7 14. d4 Nxc4 15. Bc1 a6 16. Na3 Nxa3 17. Bxa3 Qxa2 18. Qb3 Qxb3 19. Rxb3 b6 20. c4 a5 21. c5 dxc5 22. dxc5 b5 23. Rd1 b4 24. Bc1 Be6 25. Rb1 Nd7 26. Bb2 Nxc5 27. Be5 b3 28. Bxc7 Rfc8 29. Be5 a4 0-1

[Event "Haarlem Nova College op 3rd"]
[Site "Haarlem"]
[Date "2004.07.03"]
[Round "3"]
[White "De Leur, Ben"]
[Black "Schoorl, Rob"]
[Result "0-1"]
[WhiteElo "2140"]
[BlackElo "2225"]
[PlyCount "122"]
[EventDate "2004.07.02"]
[EventType "swiss"]
[EventRounds "6"]
[EventCountry "NED"]
[SourceTitle "CBM 101 Extra"]
[Source "ChessBase"]
[SourceDate "2004.09.01"]
[SourceVersion "2"]
[SourceVersionDate "2004.09.01"]
[SourceQuality "1"]

1. c4 Nf6 2. g3 c5 3. Bg2 d5 4. cxd5 Nxd5 5. Nc3 Nc7 6. Nf3 Nc6 7. 0-0 e5 8. Ne1 Bg4 9. h3 Bh5 10. Nd3 Qxd3 11. Bxc6+ bxc6 12. exd3 Bxd1 13. Rxd1 0-0-0 14. b3 Rxd3 15. Bb2 Be7 16. Rac1 Rhd8 17. Ne4 f6 18. Ba3 Ne6 19. Bxc5 Nxc5 20. Nxc5 Rxd2 21. Rxd2 Rxd2 22. Ne4 Rxa2 23. Rxc6+ Kd7 24. Rc4 Ra3 25. Nd2 a5 26. Rc2 Bb4 27. Kg2 h5 28. g4 hxg4 29. hxg4 Ke6 30. Nc4 Ra1 31. Nb6 Rd1 32. Nc4 g6 33. Ra2 Rd5 34. f3 f5 35. gxf5+ gxf5 36. Re2 Rc5 37. Nb6 f4 38. Ra2 Kf5 39. Nc4 Rc7 40. Re2 Rg7+ 41. Kh2 Re7 42. Nb6 Rh7+ 43. Kg2 Rg7+ 44. Kh2 Rg3 45. Nc4 Rxf3 46. Rxe5+ Kg4 47. Nxa5 Bc3 48. Rd5 Rh3+ 49. Kg2 f3+ 50. Kf2 Rh2+ 51. Kf1 Rh1+ 52. Kf2 Be1+ 53. Ke3 f2 54. Nc4 f1Q 55. Ne5+ Kf5 56. Nf3+ Ke6 57. Re5+ Kd6 58. Rf5 Rh3 59. Rf6+ Ke7 60. Rf5 Rxf3+ 61. Rxf3 Bd2+ 0-1

[Event "Leiden SB-ch"]
[Site "Leiden"]
[Date "2003.06.03"]
[Round "3"]
[White "De Leur, Ben"]
[Black "Van der Marel, Eric J"]
[Result "1-0"]
[WhiteElo "1965"]
[BlackElo "1964"]
[PlyCount "83"]
[EventDate "2003.05.20"]
[EventType "swiss"]
[EventRounds "7"]
[EventCountry "NED"]
[SourceTitle "CBM 095 Extra"]
[Source "ChessBase"]
[SourceDate "2003.09.04"]
[SourceVersion "1"]
[SourceVersionDate "2003.09.04"]
[SourceQuality "1"]

1. c4 Nf6 2. Nc3 g6 3. g3 Bg7 4. Bg2 d6 5. Nf3 0-0 6. 0-0 Nbd7 7. d3 c6 8. Bg5 e5 9. Qd2 Re8 10. b4 Nf8 11. Ne4 Nxe4 12. dxe4 f6 13. Bh6 Be6 14. Bxg7 Kxg7 15. Rac1 Qe7 16. Rfd1 Red8 17. Ne1 c5 18. a3 Rac8 19. Qd3 cxb4 20. axb4 Qf7 21. Qe3 Bxc4 22. Bh3 Ne6 23. Bxe6 Qxe6 24. Qxa7 Bxe2 25. Qxb7+ Kh6 26. Rxc8 Rxc8 27. Ra1 Qh3 28. Ng2 Rc3 29. Qe7 Bf3 30. Nh4 Bxe4 31. Qxf6 Rd3 32. Re1 Bb7 33. Qf8+ Kh5 34. Qf7 Be4 35. Qxh7+ Kg5 36. Nf3+ Kg4 37. Nxe5+ dxe5 38. Rxe4+ Kf3 39. Qxh3 Rd1+ 40. Qf1 Rxf1+ 41. Kxf1 Kxe4 42. Ke2 1-0